[Event "SVK-chT3B2 1213"]
[Site "Slovakia"]
[Date "2013.01.13"]
[Round "5.8"]
[White "Bauko, Michal"]
[Black "Cesnek, Peter"]
[Result "0-1"]
[WhiteElo "1671"]
[BlackElo "1647"]
[PlyCount "30"]
[EventDate "2012.10.28"]
[EventType "team-tourn"]
[EventRounds "14"]
[EventCountry "SVK"]
[SourceTitle "EXT 2022"]
[Source "ChessBase"]
[SourceDate "2021.10.06"]
[SourceVersion "1"]
[SourceVersionDate "2021.10.06"]
[SourceQuality "1"]
[WhiteTeam "Handlova"]
[BlackTeam "Povazska Bystrica III"]
[WhiteTeamCountry "SVK"]
[BlackTeamCountry "SVK"]

1. c4 e5 2. g3 Bc5 3. Bg2 c6 4. Nc3 a6 5. e3 d6 6. Nge2 Be6 7. b3 Nf6 8. 0-0 h5 9. d4 Bb6 10. dxe5 dxe5 11. Bb2 h4 12. Ne4 Qxd1 13. Raxd1 Nxe4 14. Bxe4 Nd7 15. Rd3 Nc5 0-1